[Event "FRA-chT U20 0203"]
[Site "Clichy"]
[Date "2003.01.05"]
[Round "7.10"]
[White "Kahlouch, Hugo"]
[Black "Gallant, Aurelien"]
[Result "0-1"]
[WhiteElo "1290"]
[BlackElo "1340"]
[PlyCount "78"]
[EventDate "2002.12.??"]
[EventType "team-tourn"]
[EventRounds "11"]
[EventCountry "FRA"]
[SourceTitle "EXT 2004"]
[Source "ChessBase"]
[SourceDate "2003.11.25"]
[SourceVersion "1"]
[SourceVersionDate "2003.11.25"]
[SourceQuality "1"]
[WhiteTeam "Mulhouse"]
[BlackTeam "Sautron"]
[WhiteTeamCountry "FRA"]
[BlackTeamCountry "FRA"]

1. e4 e5 2. Nf3 Nc6 3. Nc3 Nf6 4. Bb5 Nd4 5. Nxe5 Qe7 6. Nf3 Nxe4 7. Qe2 Nxe2 8. Bxe2 Nxc3 9. bxc3 g6 10. Nd4 Bg7 11. 0-0 Bxd4 12. cxd4 Qxe2 13. Ba3 Qxf1+ 14. Rxf1 d6 15. Re1+ Be6 16. d5 0-0-0 17. dxe6 Rde8 18. h3 Rxe6 19. Rxe6 fxe6 20. Bb2 Rg8 21. g4 e5 22. d4 e4 23. Kg2 d5 24. Ba3 Re8 25. Bc1 b6 26. Kf1 c5 27. dxc5 bxc5 28. Ke2 d4 29. c3 d3+ 30. Ke3 c4 31. f3 exf3+ 32. Kxf3 Kc7 33. Be3 a6 34. Bf4+ Kc6 35. a4 Kb6 36. g5 Ka5 37. h4 Kxa4 38. Bc1 Kb3 39. Bd2 Kc2 0-1

[Event "FRA-chT U20 0203"]
[Site "Clichy"]
[Date "2003.01.03"]
[Round "4.8"]
[White "Kahlouch, Hugo"]
[Black "Kohi, Camilla"]
[Result "0-1"]
[WhiteElo "1290"]
[BlackElo "1250"]
[PlyCount "96"]
[EventDate "2002.12.??"]
[EventType "team-tourn"]
[EventRounds "11"]
[EventCountry "FRA"]
[SourceTitle "EXT 2004"]
[Source "ChessBase"]
[SourceDate "2003.11.25"]
[SourceVersion "1"]
[SourceVersionDate "2003.11.25"]
[SourceQuality "1"]
[WhiteTeam "Mulhouse"]
[BlackTeam "Creteil"]
[WhiteTeamCountry "FRA"]
[BlackTeamCountry "FRA"]

1. e4 e5 2. Nf3 Nc6 3. d4 d6 4. dxe5 Nxe5 5. Nxe5 dxe5 6. Qxd8+ Kxd8 7. Nc3 Ke8 8. Nd5 Bd6 9. Bd3 Be6 10. Be3 Bxd5 11. exd5 Nf6 12. Bb5+ Ke7 13. Bg5 a6 14. Bxf6+ Kxf6 15. Be2 Rad8 16. 0-0-0 Rhe8 17. h4 e4 18. g4 h6 19. Rh3 c6 20. dxc6 Bf4+ 21. Re3 bxc6 22. Kb1 Rxd1+ 23. Bxd1 Bxe3 24. fxe3 Rd8 25. Be2 Rd5 26. Kc1 Ra5 27. a3 g5 28. h5 Ke6 29. Bd1 f5 30. Kb1 fxg4 31. Bxg4+ Ke5 32. Ka2 Rd5 33. c4 Rd2 34. Kb3 Rg2 35. Bd7 Kd6 36. Bh3 Rg3 37. Bc8 Rxe3+ 38. Kb4 Rf3 39. Bxa6 c5+ 40. Kb5 e3 41. Bb7 Rg3 42. a4 e2 43. a5 e1Q 44. Kb6 Rb3+ 45. Ka6 Rxb7 46. b4 Rxb4 47. Ka7 Qe7+ 48. Ka6 Qb7# 0-1